مكتبة جامعة عجلون الوطنية

فهرس بحث المكتبة

Dictionary of special education : mental retardation = قاموس مصطلحات في التربية الخاصة : الإعاقة العقلية (Record no. 21498)

MARC details
000 -LEADER
fixed length control field 00929nam a2200217Ii 4500
003 - CONTROL NUMBER IDENTIFIER
control field JO-AjNU
008 - FIXED-LENGTH DATA ELEMENTS--GENERAL INFORMATION
fixed length control field 230605s9999||||xx |||||||||||||| ||und||
017 ## - COPYRIGHT OR LEGAL DEPOSIT NUMBER
Copyright or legal deposit number 2006/1/487
040 ## - CATALOGING SOURCE
Original cataloging agency JO-AjNU
Language of cataloging ara
Description conventions rda
Transcribing agency JO-AjNU
041 ## - LANGUAGE CODE
Language code of text/sound track or separate title ara
050 14 - LIBRARY OF CONGRESS CALL NUMBER
Classification number LC3957.R87 2006
100 3# - MAIN ENTRY--PERSONAL NAME
Personal name الروسان، فاروق,
Relator term author
9 (RLIN) 41957
245 00 - TITLE STATEMENT
Title Dictionary of special education : mental retardation = قاموس مصطلحات في التربية الخاصة : الإعاقة العقلية
250 ## - EDITION STATEMENT
Edition statement الطبعة الأولى
264 31 - PRODUCTION, PUBLICATION, DISTRIBUTION, MANUFACTURE, AND COPYRIGHT NOTICE
Place of production, publication, distribution, manufacture عمان: دار الفكر ، 2006
300 ## - PHYSICAL DESCRIPTION
Extent 124ص
336 ## - CONTENT TYPE
Content type term text
Content type code txt
Source rdacontent
337 ## - MEDIA TYPE
Media type term unmediated
Media type code n
Source rdamedia
338 ## - CARRIER TYPE
Carrier type term volume
Carrier type code nc
Source rdacarrier
650 #4 - SUBJECT ADDED ENTRY--TOPICAL TERM
Topical term or geographic name entry element تخلف عقلي -- معاجم -- تربية خاصة -- معاجم -- تربية خاصة -- معاجم -- لغة عربية -- تربية خاصة -- معاجم -- لغة إنجليزية
9 (RLIN) 41958
Holdings
Withdrawn status Lost status Source of classification or shelving scheme Damaged status Not for loan Home library Current library Shelving location Date acquired Total Checkouts Full call number Barcode Date last seen Price effective from Koha item type
    Library of Congress Classification     مكتبة جامعة عجلون الوطنية مكتبة جامعة عجلون الوطنية المراجع 06/06/2023   LC3957.R87 2006 A17930 06/06/2023 06/06/2023 Reference